[Event "Saarland-ch C 85th"]
[Site "Homburg"]
[Date "2010.04.03"]
[Round "9"]
[White "John, Franz"]
[Black "Preiss, Joerg"]
[Result "1/2-1/2"]
[WhiteElo "1112"]
[BlackElo "1285"]
[PlyCount "69"]
[EventDate "2010.03.28"]
[EventType "swiss"]
[EventRounds "9"]
[EventCountry "GER"]
[SourceTitle "EXT 2011"]
[Source "ChessBase"]
[SourceDate "2010.11.26"]
[SourceVersion "1"]
[SourceVersionDate "2010.11.26"]
[SourceQuality "1"]

1. d4 c6 2. c4 d5 3. Nc3 Nf6 4. Nf3 Bg4 5. Bg5 Nbd7 6. h3 Bxf3 7. exf3 e6 8. Bd3 Qb6 9. Qc2 Qxd4 10. Be3 Qe5 11. 0-0 d4 12. f4 Qd6 13. Ne4 Nxe4 14. Bxe4 dxe3 15. fxe3 Qc5 16. Rfe1 Be7 17. g3 0-0-0 18. b3 f5 19. Bg2 g5 20. Kh2 Bf6 21. Rab1 Rhg8 22. b4 Qd6 23. b5 c5 24. Qa4 Kb8 25. Red1 Qc7 26. Qc2 h5 27. a4 h4 28. Rf1 gxf4 29. Rf3 fxe3 30. Kh1 Rxg3 31. Qe2 Rdg8 32. Rg1 Qe5 33. a5 Rxg2 34. Rxg2 Qa1+ 35. Rf1 1/2-1/2

[Event "Saarland-ch C 85th"]
[Site "Homburg"]
[Date "2010.03.31"]
[Round "6"]
[White "Efinger, Christian"]
[Black "Preiss, Joerg"]
[Result "0-1"]
[WhiteElo "933"]
[BlackElo "1285"]
[PlyCount "64"]
[EventDate "2010.03.28"]
[EventType "swiss"]
[EventRounds "9"]
[EventCountry "GER"]
[SourceTitle "EXT 2011"]
[Source "ChessBase"]
[SourceDate "2010.11.26"]
[SourceVersion "1"]
[SourceVersionDate "2010.11.26"]
[SourceQuality "1"]

1. d4 c6 2. e4 d5 3. e5 Bf5 4. Bd3 Bxd3 5. Qxd3 e6 6. Nf3 Bb4+ 7. c3 Ba5 8. 0-0 Ne7 9. Bg5 Nd7 10. Nbd2 0-0 11. Bh4 f6 12. Rae1 Ng6 13. Bg3 c5 14. dxc5 Nxc5 15. Qe2 Nd7 16. Nd4 Re8 17. Kh1 fxe5 18. Nb5 Bc7 19. f4 a6 20. Nxc7 Qxc7 21. f5 exf5 22. Rxf5 Qb6 23. Qd3 Qe6 24. Nb3 e4 25. Nd4 Qxf5 26. Nxf5 exd3 27. Rd1 Re2 28. Rxd3 Rae8 29. Rd1 Rxb2 30. Nd6 Ree2 31. Rg1 Nf6 32. Nxb7 Rxb7 0-1

[Event "Saarland-ch C 85th"]
[Site "Homburg"]
[Date "2010.03.30"]
[Round "5"]
[White "Preiss, Joerg"]
[Black "Lue, Youheng"]
[Result "0-1"]
[WhiteElo "1285"]
[BlackElo "992"]
[PlyCount "78"]
[EventDate "2010.03.28"]
[EventType "swiss"]
[EventRounds "9"]
[EventCountry "GER"]
[SourceTitle "EXT 2011"]
[Source "ChessBase"]
[SourceDate "2010.11.26"]
[SourceVersion "1"]
[SourceVersionDate "2010.11.26"]
[SourceQuality "1"]

1. d4 d5 2. Bf4 Nc6 3. c3 Nf6 4. e3 Bf5 5. Nf3 e6 6. Bd3 Bxd3 7. Qxd3 Bd6 8. Ne5 Bxe5 9. Bxe5 0-0 10. 0-0 Nxe5 11. dxe5 Nd7 12. f4 c6 13. Nd2 f6 14. Nf3 fxe5 15. Ng5 e4 16. Qe2 Qf6 17. Qg4 Rae8 18. Rf2 Qg6 19. Qd1 h6 20. Nh3 Rb8 21. Qd4 a6 22. Raf1 Qf6 23. Qd1 Qe7 24. f5 exf5 25. Rxf5 Rxf5 26. Rxf5 Rf8 27. Rf1 Qc5 28. Re1 Qb5 29. Qd2 Ne5 30. Nf4 Nc4 31. Qd1 Qxb2 32. Qg4 Qxc3 33. Qe6+ Rf7 34. Qe8+ Kh7 35. Rf1 Qxe3+ 36. Kh1 Rxf4 37. Rg1 Nd2 38. Qb8 Qxg1+ 39. Kxg1 Rf1# 0-1